1097 1431 1573 1636 1763 1756 1012 1500 1376 1020 1822 1968 1947 1622 1163 1068 1076 1661 1816 1299 1657 1655 1107 1455 1939 1481 1521 1671 1341 1164 1382 1767 1733 1106 1724 1128 1462 1049 1938 1052 1980 1636 1983 1969 1600 1829 1366 1441 1021 1648 1955 1125 1559 1986 1679 1373 1572 1160 1316 1878 1262 1900 1300 1728 1889 1066 1152 1259 1367 1208 1282 1706 1591 1408 1996 1825 1991 1887 1064 1612 1991 1796 1872 1855 1299 1285 1645 1436 1858 1144 1129 1110 1693 1410 1611 1711 1701 1745 1561 BCNSPRNW ULIB Ver.6.0+V

เปลี่ยนเป็นภาษาไทย

Change to English
 แสดงรายละเอียดบรรณานุกรม
  กลับหน้าหลัก

Brief Record : Get Marc (ISO 2709) : E-mail record : QR code < ปิดหน้าต่าง
LEADER : 00000nam 2200000uu 4500
001    13399110527
003     ULIB
008    110602s2552||||th 000 0 tha d
020    9789745985353
060 04 ^aWQ13^bว336ศ
100 0  วรุณวรรณ ผาโคตร
245 10 ศัพท์ :^bแม่ เด็กและเวชศาสตร์ครอบครัว = Vocabulary in maternal child and family practitioner /^cวรุณวรรณ ผาโคตร,สิรนาถ นุชนาถ
246 31 Vocabulary in maternal child and family practitioner
250    พิมพ์ครั้งที่ 1
260    กรุงเทพฯ :^bเค. เอส. พี.,^c2552
300    295 หน้า
504    บรรณานุกรม: หน้า 295
650  2 Family practice^xDictionaries
650  2 Medicine^xDictionaries
700 00 สิรนาถ นุชนาถ,^eผู้แต่งร่วม
945    ^p199^l0^i027298
945    ^p199^l0^i027297
945    ^p199^l0^i027296
945    ^p199^l0^i031561
945    ^p199^l0^i031686
945    ^p199^l0^i031687
995     ทศพร
999 ^a ใช้งานได้ทุกระบบ
รายการนี้ยังไม่มีแท็ก
คุณยังไม่ได้ล็อกอิน คุณสามารถมีกิจกรรมร่วมกับเว็บไซต์ได้ แต่ต้องล็อกอินก่อน ::
  ล็อกอิน

รายการสื่อสารสนเทศ

ลำดับที่ ประเภท เลขเรียก/บาร์โค้ด สถานที่ สถานะ
- ไม่พบข้อมูล -

รายการใกล้เคียง
    ผู้แต่ง [วรุณวรรณ ผาโคตร]

    หัวเรื่อง [Medicine Dictionaries]

BibComment


ยังไม่เคยถูกคอมเมนท์

คอมเมนท์ทรัพยากรรายการนี้
  คอมเมนท์: ศัพท์ แม่ เด็กแล..


 Copyright 2026. Bcnsprnw @Library